Every Liverpool F.C PL player of the 2010s. - Statistics

General Stats
  • This quiz has been taken 195 times
  • The average score is 54 of 112
Answer Stats
Nationality Answer % Correct
Senegal Mane
97%
Egypt Salah
97%
England Henderson
95%
Scotland Robertson
95%
Uruguay Suarez
94%
Brazil Firmino
93%
England Alexander Arnold
90%
England Gerrard
90%
Netherlands Van Dijk
87%
Brazil Alisson
86%
Cameroon Matip
86%
England Milner
84%
Belgium Mignolet
80%
Belgium Origi
80%
Netherlands Wijnaldum
80%
Croatia Lovren
79%
Switzerland Shaqiri
78%
Brazil Coutinho
76%
Slovakia Skrtel
76%
England Sturridge
76%
England Gomez
74%
Germany Karius
74%
Brazil Fabinho
73%
Guinea Keita
73%
Spain Torres
73%
England Carragher
72%
Spain Reina
71%
England Sterling
70%
Germany Can
69%
Denmark Agger
68%
Netherlands Kuyt
67%
Spain Moreno
67%
England Clyne
66%
England Lallana
66%
Wales Allen
65%
France Sakho
65%
Australia Brad Jones
62%
England Curtis Jones
62%
Israel Benayoun
61%
England Carroll
60%
Argentina Mascherano
59%
Italy Balotelli
58%
Ivory Coast Toure
58%
Serbia Markovic
55%
Belgium Benteke
54%
Estonia Klavan
54%
Brazil Lucas
54%
England Ox
54%
Uruguay Coates
52%
England Johnson
52%
Italy Borini
51%
England Flanagan
48%
Scotland Adam
47%
England Downing
46%
Spain Enrique
46%
Argentina Maxi Rodriguez
46%
Spain Adrian
45%
Nigeria Moses
45%
Netherlands Babel
44%
England Lambert
44%
Italy Aquilani
40%
Portugal Meireles
40%
Wales Bellamy
39%
England Elliot
39%
Turkey Sahin
38%
England Ings
37%
England Shelvey
37%
Australia Smith
37%
Wales Woodburn
37%
Brazil Aurelio
35%
Hungary Bogdan
35%
England Cole
35%
Serbia Grujic
35%
Scotland Wilson
35%
Spain Aspas
34%
England Ibe
34%
Greece Kyrgiakos
34%
France Ngog
32%
Spain Alberto
31%
England Konchesky
31%
Denmark Poulsen
31%
England Spearing
30%
Argentina Insua
29%
England Solanke
29%
Morocco Assaidi
27%
Serbia Jovanovic
27%
Spain Suso
27%
Italy Doni
25%
France Cissokho
24%
England Kelly
24%
Morocco El Zhar
23%
Spain Manquillo
23%
England Ojo
22%
England Wisdom
22%
Spain Riera
21%
Wales Ward
21%
England Rossiter
20%
Portugal Teixeira
20%
Spain Chirivella
17%
England Robinson
17%
Switzerland Degen
16%
England Randall
16%
England Sinclair
16%
England Ejaria
15%
England Caulker
14%
Spain Pacheco
14%
England Stewart
14%
England Brannagan
12%
England Coady
12%
Spain Ayala
11%
Portugal Camacho
10%
Spain Canos
10%
No matching quizzes found
Score Distribution
Percent of People with Each Score
Percentile by Number Answered
Your Score History
You have not taken this quiz